[Event "9th Vellmar Chess Days"]
[Site "chess24.com"]
[Date "2017.07.15"]
[Round "5"]
[White "Thomasson, Staffan"]
[Black "Seepe, Uwe"]
[Result "1-0"]
[Board "44"]
[WhiteElo "1921"]
[WhiteCountry "SWE"]
[WhiteFideId "1706284"]
[WhiteEloChange "4"]
[BlackElo "1662"]
[BlackCountry "GER"]
[BlackFideId "12992585"]
[BlackEloChange "-4"]

1. c4 {[%clk 1:30:58]} Nc6 {[%clk 1:30:45]} 2. Nc3 {[%clk 1:30:23]} e5 {[%clk
1:30:56]} 3. g3 {[%clk 1:30:45]} Bc5 {[%clk 1:28:01]} 4. Ne4 {[%clk 1:29:02]} Be7
{[%clk 1:27:28]} 5. Bg2 {[%clk 1:28:50]} f5 {[%clk 1:21:59]} 6. Nc3 {[%clk
1:29:14]} Nf6 {[%clk 1:22:20]} 7. d3 {[%clk 1:28:54]} Bc5 {[%clk 1:15:53]} 8. Na4
{[%clk 1:27:14]} Bb4+ {[%clk 1:13:57]} 9. Bd2 {[%clk 1:27:36]} Qe7 {[%clk
1:13:14]} 10. a3 {[%clk 1:21:21]} Bxd2+ {[%clk 1:13:11]} 11. Qxd2 {[%clk
1:21:49]} Nd4 {[%clk 1:12:51]} 12. Qd1 {[%clk 1:21:16]} c6 {[%clk 1:05:32]} 13.
e3 {[%clk 1:21:30]} Ne6 {[%clk 1:05:24]} 14. Nc3 {[%clk 1:21:18]} Nc7 {[%clk
1:03:46]} 15. Nge2 {[%clk 1:18:57]} O-O {[%clk 1:02:50]} 16. Qb3 {[%clk 1:16:57]}
Kh8 {[%clk 1:00:47]} 17. O-O {[%clk 1:17:11]} d6 {[%clk 0:54:27]} 18. Rae1 {[%clk
1:14:55]} Qf7 {[%clk 0:53:46]} 19. h3 {[%clk 1:09:01]} Ne6 {[%clk 0:53:46]} 20.
Kh2 {[%clk 1:06:22]} Qh5 {[%clk 0:51:57]} 21. Qd1 {[%clk 1:01:03]} Ng5 {[%clk
0:47:12]} 22. Ng1 {[%clk 0:54:23]} Ng4+ {[%clk 0:44:25]} 23. Kh1 {[%clk 0:54:45]}
f4 {[%clk 0:36:25]} 24. exf4 {[%clk 0:47:26]} exf4 {[%clk 0:34:52]} 25. h4 {[%clk
0:46:11]} fxg3 {[%clk 0:32:20]} 26. fxg3 {[%clk 0:46:31]} Bd7 {[%clk 0:23:22]}
27. Nf3 {[%clk 0:43:51]} Rf6 {[%clk 0:14:06]} 28. Nxg5 {[%clk 0:37:34]} Rxf1+
{[%clk 0:14:22]} 29. Rxf1 {[%clk 0:37:24]} 1-0

[Event "9th Vellmar Chess Days"]
[Site "chess24.com"]
[Date "2017.07.15"]
[Round "5"]
[White "Held, Maurice"]
[Black "Schubert, Matthias"]
[Result "1-0"]
[Board "45"]
[WhiteElo "1819"]
[WhiteCountry "GER"]
[WhiteFideId "12952761"]
[WhiteEloChange "13"]
[BlackElo "1916"]
[BlackCountry "GER"]
[BlackFideId "24661139"]
[BlackEloChange "-13"]

1. c4 {[%clk 1:30:58]} Nf6 {[%clk 1:30:49]} 2. g3 {[%clk 1:31:21]} d5 {[%clk
1:30:46]} 3. cxd5 {[%clk 1:31:46]} Nxd5 {[%clk 1:31:10]} 4. d4 {[%clk 1:32:07]}
g6 {[%clk 1:30:53]} 5. e4 {[%clk 1:32:06]} Nb6 {[%clk 1:29:48]} 6. Bg2 {[%clk
1:32:20]} Bg7 {[%clk 1:29:56]} 7. Ne2 {[%clk 1:32:46]} O-O {[%clk 1:28:49]} 8.
Nbc3 {[%clk 1:32:55]} Nc6 {[%clk 1:26:05]} 9. Be3 {[%clk 1:33:00]} Nc4 {[%clk
1:23:39]} 10. b3 {[%clk 1:28:44]} Nxe3 {[%clk 1:22:30]} 11. fxe3 {[%clk 1:29:11]}
Bh6 {[%clk 1:14:55]} 12. Qd2 {[%clk 1:23:49]} e5 {[%clk 1:09:03]} 13. d5 {[%clk
1:23:51]} Nb8 {[%clk 1:04:27]} 14. h4 {[%clk 1:21:13]} a6 {[%clk 0:59:44]} 15. h5
{[%clk 1:20:28]} Qg5 {[%clk 0:58:05]} 16. hxg6 {[%clk 1:13:50]} fxg6 {[%clk
0:57:44]} 17. O-O-O {[%clk 1:13:07]} Kg7 {[%clk 0:52:00]} 18. Nf4 {[%clk
1:04:10]} Qxg3 {[%clk 0:45:45]} 19. Nce2 {[%clk 1:02:37]} Qg5 {[%clk 0:44:48]}
20. Qc3 {[%clk 1:01:40]} c6 {[%clk 0:38:31]} 21. Bh3 {[%clk 0:58:52]} Qf6 {[%clk
0:29:09]} 22. Bxc8 {[%clk 0:58:06]} exf4 {[%clk 0:28:04]} 23. Qxf6+ {[%clk
0:55:49]} Rxf6 {[%clk 0:24:18]} 24. d6 {[%clk 0:53:59]} Rf8 {[%clk 0:23:00]} 25.
d7 {[%clk 0:49:53]} Bg5 {[%clk 0:21:05]} 26. Nxf4 {[%clk 0:49:23]} Kg8 {[%clk
0:16:55]} 27. Ne6 {[%clk 0:48:10]} Bxe3+ {[%clk 0:14:09]} 28. Kb1 {[%clk
0:48:34]} Nxd7 {[%clk 0:13:07]} 29. Rxd7 {[%clk 0:48:45]} h6 {[%clk 0:09:35]} 30.
Bxb7 {[%clk 0:47:53]} Rf6 {[%clk 0:08:24]} 31. Nd8 {[%clk 0:41:17]} Ra7 {[%clk
0:06:53]} 32. Nxc6 {[%clk 0:40:42]} Rxb7 {[%clk 0:02:30]} 33. Ne7+ {[%clk
0:41:03]} Kf8 {[%clk 0:01:30]} 34. Rxb7 {[%clk 0:41:27]} Re6 {[%clk 0:01:34]} 35.
Rf1+ {[%clk 0:41:14]} Ke8 {[%clk 0:01:41]} 36. Ng8 {[%clk 0:40:32]} g5 {[%clk
0:01:01]} 37. Nf6+ {[%clk 0:40:54]} Kd8 {[%clk 0:00:41]} 38. Nd5 {[%clk 0:41:07]}
Bc5 {[%clk 0:00:43]} 39. Rff7 {[%clk 0:40:56]} Rxe4 {[%clk 0:00:31]} 40. Rb8#
{[%clk 0:41:10]} 1-0

[Event "9th Vellmar Chess Days"]
[Site "chess24.com"]
[Date "2017.07.15"]
[Round "5"]
[White "Poelig, Juergen"]
[Black "Beyer, Nils"]
[Result "0-1"]
[Board "46"]
[WhiteElo "1883"]
[WhiteCountry "GER"]
[WhiteFideId "24661686"]
[WhiteEloChange "-12"]
[BlackElo "1807"]
[BlackCountry "GER"]
[BlackFideId "12995355"]
[BlackEloChange "12"]

1. Nf3 {[%clk 1:30:52]} c5 {[%clk 1:29:08]} 2. g3 {[%clk 1:30:57]} b6 {[%clk
1:29:09]} 3. Bg2 {[%clk 1:31:20]} Bb7 {[%clk 1:29:11]} 4. O-O {[%clk 1:31:41]} e6
{[%clk 1:29:33]} 5. d3 {[%clk 1:32:05]} Nf6 {[%clk 1:29:06]} 6. e4 {[%clk
1:31:49]} d6 {[%clk 1:28:18]} 7. Nbd2 {[%clk 1:31:05]} Qc7 {[%clk 1:27:51]} 8.
Re1 {[%clk 1:29:42]} Nbd7 {[%clk 1:26:53]} 9. c3 {[%clk 1:24:19]} Be7 {[%clk
1:25:53]} 10. d4 {[%clk 1:22:02]} cxd4 {[%clk 1:26:02]} 11. cxd4 {[%clk 1:19:14]}
O-O {[%clk 1:24:51]} 12. e5 {[%clk 1:01:12]} dxe5 {[%clk 1:20:43]} 13. dxe5
{[%clk 1:01:06]} Ng4 {[%clk 1:17:23]} 14. h3 {[%clk 0:53:37]} Nxf2 {[%clk
1:08:25]} 15. Kxf2 {[%clk 0:49:33]} Bc5+ {[%clk 1:04:06]} 16. Kf1 {[%clk
0:47:07]} Ba6+ {[%clk 1:00:47]} 17. Re2 {[%clk 0:47:06]} Nxe5 {[%clk 0:57:45]}
18. Ne4 {[%clk 0:27:52]} Rad8 {[%clk 0:49:17]} 19. Qe1 {[%clk 0:17:30]} Nd3
{[%clk 0:40:02]} 20. Qc3 {[%clk 0:17:29]} Nxc1 {[%clk 0:26:11]} 21. Rxc1 {[%clk
0:17:27]} Bxe2+ {[%clk 0:23:24]} 22. Kxe2 {[%clk 0:17:30]} f5 {[%clk 0:21:43]}
23. Nxc5 {[%clk 0:15:40]} Qxg3 {[%clk 0:20:19]} 24. Kf1 {[%clk 0:09:52]} bxc5
{[%clk 0:18:19]} 25. Qxc5 {[%clk 0:09:56]} Rc8 {[%clk 0:15:18]} 26. Qe3 {[%clk
0:10:17]} Rxc1+ {[%clk 0:15:27]} 27. Qxc1 {[%clk 0:10:45]} e5 {[%clk 0:14:26]}
28. Qc4+ {[%clk 0:09:52]} Kh8 {[%clk 0:14:53]} 29. Qc7 {[%clk 0:04:28]} Re8
{[%clk 0:13:11]} 30. Qd7 {[%clk 0:04:06]} Rf8 {[%clk 0:09:13]} 31. Qxa7 {[%clk
0:01:58]} Rd8 {[%clk 0:04:54]} 32. Ne1 {[%clk 0:02:25]} Qf4+ {[%clk 0:04:56]} 33.
Qf2 {[%clk 0:02:09]} Qxf2+ {[%clk 0:04:52]} 34. Kxf2 {[%clk 0:02:33]} Rd2+ {[%clk
0:05:08]} 35. Kg3 {[%clk 0:02:05]} Rxb2 {[%clk 0:05:18]} 36. Bd5 {[%clk 0:02:07]}
Rb5 {[%clk 0:03:34]} 37. Bb3 {[%clk 0:02:11]} g5 {[%clk 0:03:11]} 38. Nf3 {[%clk
0:01:37]} h6 {[%clk 0:03:01]} 39. Nd2 {[%clk 0:01:30]} Kg7 {[%clk 0:02:13]} 40.
Nc4 {[%clk 0:01:08]} Rd5 {[%clk 0:00:57]} 41. Kf2 {[%clk 0:18:33]} Kf6 {[%clk
0:28:39]} 42. Ne3 {[%clk 0:16:54]} Rd2+ {[%clk 0:26:13]} 43. Kg1 {[%clk 0:15:46]}
e4 {[%clk 0:24:57]} 44. Nc4 {[%clk 0:13:48]} Rd3 {[%clk 0:23:13]} 45. Kg2 {[%clk
0:13:25]} f4 {[%clk 0:21:44]} 46. Bc2 {[%clk 0:12:49]} Rc3 {[%clk 0:18:59]} 47.
Bb3 {[%clk 0:12:46]} h5 {[%clk 0:18:54]} 48. Nd2 {[%clk 0:12:40]} Re3 {[%clk
0:17:12]} 49. Kf2 {[%clk 0:09:05]} g4 {[%clk 0:16:08]} 50. hxg4 {[%clk 0:08:45]}
hxg4 {[%clk 0:15:57]} 51. Bc2 {[%clk 0:04:01]} g3+ {[%clk 0:15:20]} 52. Kf1
{[%clk 0:04:09]} Kf5 {[%clk 0:12:49]} 53. Nxe4 {[%clk 0:02:32]} Rxe4 {[%clk
0:11:54]} 54. a4 {[%clk 0:02:49]} Ke5 {[%clk 0:12:23]} 55. Bxe4 {[%clk 0:02:19]}
Kxe4 {[%clk 0:12:48]} 56. a5 {[%clk 0:02:40]} Ke5 {[%clk 0:12:54]} 0-1

[Event "9th Vellmar Chess Days"]
[Site "chess24.com"]
[Date "2017.07.15"]
[Round "5"]
[White "Wolf, Philipp"]
[Black "Wohlrabe, Joerg"]
[Result "1/2-1/2"]
[Board "47"]
[WhiteElo "1865"]
[WhiteCountry "GER"]
[WhiteFideId "12958948"]
[WhiteEloChange "-2"]
[BlackElo "1791"]
[BlackCountry "GER"]
[BlackFideId "4688660"]
[BlackEloChange "2"]

1. e4 {[%clk 1:30:30]} e6 {[%clk 1:30:30]} 2. d4 {[%clk 1:30:30]} b6 {[%clk
1:30:30]} 3. Bd3 {[%clk 1:30:30]} Bb7 {[%clk 1:30:30]} 4. Nf3 {[%clk 1:30:30]}
Be7 {[%clk 1:30:30]} 5. O-O {[%clk 1:30:30]} d6 {[%clk 1:30:30]} 6. c3 {[%clk
1:30:30]} Nd7 {[%clk 1:30:30]} 7. Bf4 {[%clk 1:30:30]} Bf6 {[%clk 1:30:30]} 8.
Qa4 {[%clk 1:30:30]} a6 {[%clk 1:30:30]} 9. Nbd2 {[%clk 1:30:30]} b5 {[%clk
1:30:30]} 10. Qb3 {[%clk 1:30:30]} Rb8 {[%clk 1:30:30]} 11. Rad1 {[%clk 1:30:30]}
Be7 {[%clk 1:30:30]} 12. Rfe1 {[%clk 1:30:30]} Ngf6 {[%clk 1:30:30]} 13. Bb1
{[%clk 1:30:30]} O-O {[%clk 1:30:30]} 14. Qc2 {[%clk 1:30:30]} g6 {[%clk
1:30:30]} 15. e5 {[%clk 1:30:30]} Ne8 {[%clk 1:30:30]} 16. Bh6 {[%clk 1:30:30]}
Ng7 {[%clk 1:30:30]} 17. g3 {[%clk 1:30:30]} Re8 {[%clk 1:30:30]} 18. Bxg7 {[%clk
1:30:30]} Kxg7 {[%clk 1:30:30]} 19. h4 {[%clk 1:30:30]} h5 {[%clk 1:30:30]} 20.
exd6 {[%clk 1:30:30]} cxd6 {[%clk 1:30:30]} 21. Rxe6 {[%clk 1:30:30]} Nf6 {[%clk
1:30:30]} 22. Ng5 {[%clk 1:30:30]} Rg8 {[%clk 1:30:30]} 23. Rde1 {[%clk 1:30:30]}
Bf8 {[%clk 1:30:30]} 24. R6e2 {[%clk 1:30:30]} Qd7 {[%clk 1:30:30]} 25. Ndf3
{[%clk 1:30:30]} Bd5 {[%clk 1:30:30]} 26. b3 {[%clk 1:30:30]} Rc8 {[%clk
1:30:30]} 27. Re3 {[%clk 1:30:30]} Qc6 {[%clk 1:30:30]} 28. R1e2 {[%clk 1:30:30]}
Ng4 {[%clk 1:30:30]} 29. Rd3 {[%clk 1:30:30]} Re8 {[%clk 1:30:30]} 30. Rxe8
{[%clk 1:30:30]} Qxe8 {[%clk 1:30:30]} 31. Rd1 {[%clk 1:30:30]} Qa8 {[%clk
1:30:30]} 32. Rd3 {[%clk 1:30:30]} f6 {[%clk 1:30:30]} 33. Re3 {[%clk 1:30:30]}
Kh8 {[%clk 1:30:30]} 34. Re1 {[%clk 1:30:30]} fxg5 {[%clk 1:30:30]} 35. Nxg5
{[%clk 1:30:30]} Bh6 {[%clk 1:30:30]} 36. Ne6 {[%clk 1:30:30]} Qc8 {[%clk
1:30:30]} 37. Ng5 {[%clk 1:30:30]} Bxg5 {[%clk 1:30:30]} 38. hxg5 {[%clk
1:30:30]} Bf3 {[%clk 1:30:30]} 39. Qd3 {[%clk 1:30:30]} Qf8 {[%clk 1:30:30]} 40.
Qd2 {[%clk 1:30:30]} Qf7 {[%clk 1:30:30]} 41. Be4 {[%clk 1:30:30]} Bxe4 {[%clk
1:30:30]} 42. Rxe4 {[%clk 1:30:30]} Re8 {[%clk 1:30:30]} 43. Rxe8+ {[%clk
1:30:30]} Qxe8 {[%clk 1:30:30]} 44. c4 {[%clk 1:30:30]} bxc4 {[%clk 1:30:30]} 45.
bxc4 {[%clk 1:30:30]} Qe7 {[%clk 1:30:30]} 46. Kg2 {[%clk 1:30:30]} 1/2-1/2

[Event "9th Vellmar Chess Days"]
[Site "chess24.com"]
[Date "2017.07.15"]
[Round "5"]
[White "Reitz, Theresa"]
[Black "Schuette, Ulrich"]
[Result "0-1"]
[Board "48"]
[WhiteElo "1706"]
[WhiteCountry "GER"]
[WhiteFideId "12971901"]
[WhiteEloChange "-7"]
[BlackElo "1830"]
[BlackCountry "GER"]
[BlackFideId "4646134"]
[BlackEloChange "7"]

1. e4 {[%clk 1:30:30]} c5 {[%clk 1:30:30]} 2. Nc3 {[%clk 1:30:30]} Nc6 {[%clk
1:30:30]} 3. Bb5 {[%clk 1:30:30]} Nd4 {[%clk 1:30:30]} 4. Bc4 {[%clk 1:30:30]} e6
{[%clk 1:30:30]} 5. Nge2 {[%clk 1:30:30]} Ne7 {[%clk 1:30:30]} 6. O-O {[%clk
1:30:30]} a6 {[%clk 1:30:30]} 7. d3 {[%clk 1:30:30]} b5 {[%clk 1:30:30]} 8. Bb3
{[%clk 1:30:30]} Bb7 {[%clk 1:30:30]} 9. Be3 {[%clk 1:30:30]} Nec6 {[%clk
1:30:30]} 10. f4 {[%clk 1:30:30]} g6 {[%clk 1:30:30]} 11. Ng3 {[%clk 1:30:30]}
Be7 {[%clk 1:30:30]} 12. f5 {[%clk 1:30:30]} Bh4 {[%clk 1:30:30]} 13. fxg6 {[%clk
1:30:30]} hxg6 {[%clk 1:30:30]} 14. Qg4 {[%clk 1:30:30]} Qe7 {[%clk 1:30:30]} 15.
Nce2 {[%clk 1:30:30]} Nxe2+ {[%clk 1:30:30]} 16. Nxe2 {[%clk 1:30:30]} O-O-O
{[%clk 1:30:30]} 17. a4 {[%clk 1:30:30]} f5 {[%clk 1:30:30]} 18. Qf3 {[%clk
1:30:30]} Ne5 {[%clk 1:30:30]} 19. Qf4 {[%clk 1:30:30]} Ng4 {[%clk 1:30:30]} 20.
h3 {[%clk 1:30:30]} g5 {[%clk 1:30:30]} 21. Qf3 {[%clk 1:30:30]} Ne5 {[%clk
1:30:30]} 0-1

[Event "9th Vellmar Chess Days"]
[Site "chess24.com"]
[Date "2017.07.15"]
[Round "5"]
[White "Sakhra, Roman"]
[Black "Powalla, Christian"]
[Result "0-1"]
[Board "49"]
[WhiteElo "1472"]
[WhiteCountry "GER"]
[WhiteFideId "16227590"]
[WhiteEloChange "-2"]
[BlackElo "1826"]
[BlackCountry "GER"]
[BlackFideId "24658413"]
[BlackEloChange "2"]

1. d4 {[%clk 1:30:30]} Nf6 {[%clk 1:30:30]} 2. Nc3 {[%clk 1:30:30]} d5 {[%clk
1:30:30]} 3. Bf4 {[%clk 1:30:30]} c6 {[%clk 1:30:30]} 4. Nf3 {[%clk 1:30:30]} Bg4
{[%clk 1:30:30]} 5. e3 {[%clk 1:30:30]} e6 {[%clk 1:30:30]} 6. h3 {[%clk
1:30:30]} Bh5 {[%clk 1:30:30]} 7. Be2 {[%clk 1:30:30]} Bb4 {[%clk 1:30:30]} 8.
O-O {[%clk 1:30:30]} Qa5 {[%clk 1:30:30]} 9. Ne5 {[%clk 1:30:30]} Bxe2 {[%clk
1:30:30]} 10. Nxe2 {[%clk 1:30:30]} Nbd7 {[%clk 1:30:30]} 11. c3 {[%clk 1:30:30]}
Be7 {[%clk 1:30:30]} 12. Qb3 {[%clk 1:30:30]} Qb6 {[%clk 1:30:30]} 13. Nc1 {[%clk
1:30:30]} Nxe5 {[%clk 1:30:30]} 14. Bxe5 {[%clk 1:30:30]} O-O {[%clk 1:30:30]}
15. Nd3 {[%clk 1:30:30]} Nd7 {[%clk 1:30:30]} 16. Bh2 {[%clk 1:30:30]} c5 {[%clk
1:30:30]} 17. dxc5 {[%clk 1:30:30]} Nxc5 {[%clk 1:30:30]} 18. Nxc5 {[%clk
1:30:30]} Bxc5 {[%clk 1:30:30]} 19. Qxb6 {[%clk 1:30:30]} Bxb6 {[%clk 1:30:30]}
20. Rfe1 {[%clk 1:30:30]} f6 {[%clk 1:30:30]} 21. e4 {[%clk 1:30:30]} d4 {[%clk
1:30:30]} 22. cxd4 {[%clk 1:30:30]} Bxd4 {[%clk 1:30:30]} 23. Red1 {[%clk
1:30:30]} e5 {[%clk 1:30:30]} 24. Rac1 {[%clk 1:30:30]} Rac8 {[%clk 1:30:30]} 25.
Kf1 {[%clk 1:30:30]} b6 {[%clk 1:30:30]} 26. b3 {[%clk 1:30:30]} Rc5 {[%clk
1:30:30]} 27. Rxc5 {[%clk 1:30:30]} bxc5 {[%clk 1:30:30]} 28. Bg1 {[%clk
1:30:30]} a5 {[%clk 1:30:30]} 29. f3 {[%clk 1:30:30]} Rc8 {[%clk 1:30:30]} 30.
Rc1 {[%clk 1:30:30]} Kf7 {[%clk 1:30:30]} 31. Ke2 {[%clk 1:30:30]} Ke6 {[%clk
1:30:30]} 32. Bxd4 {[%clk 1:30:30]} exd4 {[%clk 1:30:30]} 33. Kd3 {[%clk
1:30:30]} Kd6 {[%clk 1:30:30]} 34. Kc4 {[%clk 1:30:30]} Rb8 {[%clk 1:30:30]} 35.
a3 {[%clk 1:30:30]} Ke5 {[%clk 1:30:30]} 36. g3 {[%clk 1:30:30]} a4 {[%clk
1:30:30]} 37. Rb1 {[%clk 1:30:30]} g5 {[%clk 1:30:30]} 38. Rb2 {[%clk 1:30:30]}
h5 {[%clk 1:30:30]} 39. Kd3 {[%clk 1:30:30]} Rxb3+ {[%clk 1:30:30]} 0-1

[Event "9th Vellmar Chess Days"]
[Site "chess24.com"]
[Date "2017.07.15"]
[Round "5"]
[White "Reichelt, Ole"]
[Black "Vergin, Marcel"]
[Result "0-1"]
[Board "50"]
[WhiteElo "1736"]
[WhiteCountry "GER"]
[WhiteFideId "12965073"]
[WhiteEloChange "-9"]
[BlackElo "1777"]
[BlackCountry "GER"]
[BlackFideId "12946010"]
[BlackEloChange "9"]

1. d4 {[%clk 1:30:30]} Nf6 {[%clk 1:30:30]} 2. c4 {[%clk 1:30:30]} d6 {[%clk
1:30:30]} 3. Nc3 {[%clk 1:30:30]} Nbd7 {[%clk 1:30:30]} 4. e4 {[%clk 1:30:30]} e5
{[%clk 1:30:30]} 5. d5 {[%clk 1:30:30]} Nc5 {[%clk 1:30:30]} 6. Bd3 {[%clk
1:30:30]} a5 {[%clk 1:30:30]} 7. Nge2 {[%clk 1:30:30]} Be7 {[%clk 1:30:30]} 8.
O-O {[%clk 1:30:30]} O-O {[%clk 1:30:30]} 9. Be3 {[%clk 1:30:30]} Ne8 {[%clk
1:30:30]} 10. Bxc5 {[%clk 1:30:30]} dxc5 {[%clk 1:30:30]} 11. Ng3 {[%clk
1:30:30]} g6 {[%clk 1:30:30]} 12. Qe2 {[%clk 1:30:30]} Bf6 {[%clk 1:30:30]} 13.
Rae1 {[%clk 1:30:30]} Nd6 {[%clk 1:30:30]} 14. Kh1 {[%clk 1:30:30]} Bd7 {[%clk
1:30:30]} 15. Qe3 {[%clk 1:30:30]} b6 {[%clk 1:30:30]} 16. f4 {[%clk 1:30:30]}
exf4 {[%clk 1:30:30]} 17. Qxf4 {[%clk 1:30:30]} Bg5 {[%clk 1:30:30]} 18. Qf3
{[%clk 1:30:30]} f6 {[%clk 1:30:30]} 19. Nge2 {[%clk 1:30:30]} Qe7 {[%clk
1:30:30]} 20. Nf4 {[%clk 1:30:30]} Rae8 {[%clk 1:30:30]} 21. Qg3 {[%clk 1:30:30]}
Bxf4 {[%clk 1:30:30]} 22. Qxf4 {[%clk 1:30:30]} Qe5 {[%clk 1:30:30]} 23. Qf2
{[%clk 1:30:30]} Qg5 {[%clk 1:30:30]} 24. Re3 {[%clk 1:30:30]} Qh6 {[%clk
1:30:30]} 25. Rf3 {[%clk 1:30:30]} f5 {[%clk 1:30:30]} 26. exf5 {[%clk 1:30:30]}
Bxf5 {[%clk 1:30:30]} 27. Bxf5 {[%clk 1:30:30]} Nxf5 {[%clk 1:30:30]} 28. Nb5
{[%clk 1:30:30]} Nd6 {[%clk 1:30:30]} 29. Nxc7 {[%clk 1:30:30]} Rxf3 {[%clk
1:30:30]} 30. Qxf3 {[%clk 1:30:30]} Re7 {[%clk 1:30:30]} 31. Ne6 {[%clk 1:30:30]}
Rf7 {[%clk 1:30:30]} 32. Qe2 {[%clk 1:30:30]} Ne4 {[%clk 1:30:30]} 33. Kg1 {[%clk
1:30:30]} Rxf1+ {[%clk 1:30:30]} 34. Kxf1 {[%clk 1:30:30]} Qc1+ {[%clk 1:30:30]}
35. Qe1 {[%clk 1:30:30]} Qxc4+ {[%clk 1:30:30]} 36. Kg1 {[%clk 1:30:30]} Qxd5
{[%clk 1:30:30]} 37. Nc7 {[%clk 1:30:30]} Qd4+ {[%clk 1:30:30]} 38. Kf1 {[%clk
1:30:30]} Nd2+ {[%clk 1:30:30]} 39. Ke2 {[%clk 1:30:30]} Nc4 {[%clk 1:30:30]} 40.
Qc3 {[%clk 1:30:30]} Qe4+ {[%clk 1:30:30]} 41. Kd1 {[%clk 1:30:30]} Qb1+ {[%clk
1:30:30]} 42. Ke2 {[%clk 1:30:30]} Qxa2 {[%clk 1:30:30]} 43. Kf3 {[%clk 1:30:30]}
Nxb2 {[%clk 1:30:30]} 44. Ne8 {[%clk 1:30:30]} Qf7+ {[%clk 1:30:30]} 45. Nf6+
{[%clk 1:30:30]} Kg7 {[%clk 1:30:30]} 0-1

[Event "9th Vellmar Chess Days"]
[Site "chess24.com"]
[Date "2017.07.15"]
[Round "5"]
[White "Rehbein, Ullrich"]
[Black "Geisler, Reinhard"]
[Result "1/2-1/2"]
[Board "51"]
[WhiteElo "1788"]
[WhiteCountry "GER"]
[WhiteFideId "4681037"]
[WhiteEloChange "1"]
[BlackElo "1835"]
[BlackCountry "GER"]
[BlackFideId "4679733"]
[BlackEloChange "-1"]

1. Nf3 {[%clk 1:30:30]} d5 {[%clk 1:30:30]} 2. g3 {[%clk 1:30:30]} Nf6 {[%clk
1:30:30]} 3. Bg2 {[%clk 1:30:30]} e6 {[%clk 1:30:30]} 4. O-O {[%clk 1:30:30]} Be7
{[%clk 1:30:30]} 5. c4 {[%clk 1:30:30]} dxc4 {[%clk 1:30:30]} 6. Qa4+ {[%clk
1:30:30]} Nbd7 {[%clk 1:30:30]} 7. Qxc4 {[%clk 1:30:30]} a6 {[%clk 1:30:30]} 8.
d4 {[%clk 1:30:30]} b5 {[%clk 1:30:30]} 9. Qc2 {[%clk 1:30:30]} Bb7 {[%clk
1:30:30]} 10. a4 {[%clk 1:30:30]} Be4 {[%clk 1:30:30]} 11. Qd1 {[%clk 1:30:30]}
Bb7 {[%clk 1:30:30]} 12. Bg5 {[%clk 1:30:30]} O-O {[%clk 1:30:30]} 13. h3 {[%clk
1:30:30]} c5 {[%clk 1:30:30]} 14. dxc5 {[%clk 1:30:30]} Nxc5 {[%clk 1:30:30]} 15.
axb5 {[%clk 1:30:30]} axb5 {[%clk 1:30:30]} 16. Rxa8 {[%clk 1:30:30]} Bxa8 {[%clk
1:30:30]} 17. Qxd8 {[%clk 1:30:30]} Rxd8 {[%clk 1:30:30]} 18. Rc1 {[%clk
1:30:30]} 1/2-1/2

[Event "9th Vellmar Chess Days"]
[Site "chess24.com"]
[Date "2017.07.15"]
[Round "5"]
[White "von Lossow, Marcus"]
[Black "Luke, Niko"]
[Result "1/2-1/2"]
[Board "52"]
[WhiteElo "1781"]
[WhiteCountry "GER"]
[WhiteFideId "12942090"]
[WhiteEloChange "1"]
[BlackElo "1823"]
[BlackCountry "GER"]
[BlackFideId "16205553"]
[BlackEloChange "-1"]

1. e4 {[%clk 1:30:30]} c5 {[%clk 1:30:30]} 2. Nf3 {[%clk 1:30:30]} d6 {[%clk
1:30:30]} 3. d4 {[%clk 1:30:30]} cxd4 {[%clk 1:30:30]} 4. Nxd4 {[%clk 1:30:30]}
Nf6 {[%clk 1:30:30]} 5. Nc3 {[%clk 1:30:30]} a6 {[%clk 1:30:30]} 6. Be2 {[%clk
1:30:30]} e5 {[%clk 1:30:30]} 7. Nb3 {[%clk 1:30:30]} Be7 {[%clk 1:30:30]} 8. Be3
{[%clk 1:30:30]} O-O {[%clk 1:30:30]} 9. O-O {[%clk 1:30:30]} Be6 {[%clk
1:30:30]} 10. f3 {[%clk 1:30:30]} Nbd7 {[%clk 1:30:30]} 11. Nd2 {[%clk 1:30:30]}
d5 {[%clk 1:30:30]} 12. exd5 {[%clk 1:30:30]} Nxd5 {[%clk 1:30:30]} 13. Nxd5
{[%clk 1:30:30]} Bxd5 {[%clk 1:30:30]} 14. Nc4 {[%clk 1:30:30]} Bxc4 {[%clk
1:30:30]} 15. Bxc4 {[%clk 1:30:30]} Qc7 {[%clk 1:30:30]} 16. Bd3 {[%clk 1:30:30]}
Bc5 {[%clk 1:30:30]} 17. Qe2 {[%clk 1:30:30]} Rac8 {[%clk 1:30:30]} 18. Bf5
{[%clk 1:30:30]} Rcd8 {[%clk 1:30:30]} 19. Rfd1 {[%clk 1:30:30]} Nb6 {[%clk
1:30:30]} 20. Kh1 {[%clk 1:30:30]} Bxe3 {[%clk 1:30:30]} 21. Qxe3 {[%clk
1:30:30]} h6 {[%clk 1:30:30]} 22. c3 {[%clk 1:30:30]} Na4 {[%clk 1:30:30]} 23.
Qe2 {[%clk 1:30:30]} Qb6 {[%clk 1:30:30]} 24. Rxd8 {[%clk 1:30:30]} Rxd8 {[%clk
1:30:30]} 25. Qxe5 {[%clk 1:30:30]} Nxb2 {[%clk 1:30:30]} 26. Re1 {[%clk
1:30:30]} g6 {[%clk 1:30:30]} 27. Be4 {[%clk 1:30:30]} Qf2 {[%clk 1:30:30]} 28.
Bxg6 {[%clk 1:30:30]} Qxe1+ {[%clk 1:30:30]} 29. Qxe1 {[%clk 1:30:30]} Rd1 {[%clk
1:30:30]} 30. Qxd1 {[%clk 1:30:30]} Nxd1 {[%clk 1:30:30]} 31. Be4 {[%clk
1:30:30]} Nxc3 {[%clk 1:30:30]} 32. Bxb7 {[%clk 1:30:30]} a5 {[%clk 1:30:30]} 33.
a3 {[%clk 1:30:30]} Nb5 {[%clk 1:30:30]} 34. a4 {[%clk 1:30:30]} Nc3 {[%clk
1:30:30]} 35. Bc6 {[%clk 1:30:30]} Kf8 {[%clk 1:30:30]} 36. g4 {[%clk 1:30:30]}
Ke7 {[%clk 1:30:30]} 37. h4 {[%clk 1:30:30]} Kd6 {[%clk 1:30:30]} 38. Be8 {[%clk
1:30:30]} Ke7 {[%clk 1:30:30]} 39. Bc6 {[%clk 1:30:30]} Kd6 {[%clk 1:30:30]}
1/2-1/2